Profit from the power of many : (Registro nro. 13300)

Detalles MARC
000 -LEADER
fixed length control field 00742nam a22002177a 4500
003 - CONTROL NUMBER IDENTIFIER
control field DO-SdBNP
005 - DATE AND TIME OF LATEST TRANSACTION
control field 20180215130851.0
008 - FIXED-LENGTH DATA ELEMENTS--GENERAL INFORMATION
fixed length control field 180215b 2004 ||||| |||| 00| 0 spa d
020 ## - INTERNATIONAL STANDARD BOOK NUMBER
International Standard Book Number 0974499005
020 ## - INTERNATIONAL STANDARD BOOK NUMBER
International Standard Book Number 9780974499000
040 ## - CATALOGING SOURCE
Original cataloging agency BPMSU
Language of cataloging spa
Transcribing agency BPMSU
100 1# - MAIN ENTRY--PERSONAL NAME
Personal name Brecher, Natalie D.
245 10 - TITLE STATEMENT
Title Profit from the power of many :
Remainder of title how to use mastermind teams to create success /
Statement of responsibility, etc. Natalie D. Brecher.
260 ## - PUBLICATION, DISTRIBUTION, ETC. (IMPRINT)
Place of publication, distribution, etc. [Redondo Beach, CA] :
Name of publisher, distributor, etc. Cheetah Express,
Date of publication, distribution, etc. 2004.
300 ## - PHYSICAL DESCRIPTION
Extent iii, 90 p. ;
Dimensions 22 cm.
490 1# - SERIES STATEMENT
Series statement Cheetah Express professional achievement
830 #0 - SERIES ADDED ENTRY--UNIFORM TITLE
Uniform title Cheetah Express professional achievement series
942 ## - ADDED ENTRY ELEMENTS (KOHA)
Source of classification or shelving scheme Dewey Decimal Classification
Koha item type Libros
945 ## - LOCAL PROCESSING INFORMATION (OCLC)
a Inventariado, 2018 /LP
956 ## - LOCAL ELECTRONIC LOCATION AND ACCESS (OCLC)
Host name LOPEREZ
Access number 10
Compression information 20180215
Processor of request BPMSU
Existencias
Withdrawn status Lost status Source of classification or shelving scheme Damaged status Not for loan Collection code Home library Current library Date acquired Source of acquisition Total Checkouts Barcode Date last seen Price effective from Koha item type
    Dewey Decimal Classification     Colección General Biblioteca Pública Metropolitana Salomé Ureña Biblioteca Pública Metropolitana Salomé Ureña 02/15/2018 Roberto Ant. Fernández   BPMSU18020159 02/15/2018 02/15/2018 Libros